Monitorovanie a konfigurácia sietí GPON

Saved in:
Bibliographic Details
Main Author: Horvát, Roman (Author)
Other Authors: Róka, Rastislav (Thesis advisor)
Format: Manuscript Book
Language:Slovak
Published: Bratislava : STU v Bratislave FEI, 2022
Subjects:
Online Access:https://opac.crzp.sk/?fn=detailBiblioFormChildW8DL8&sid=7E432E204D1F6C329C588B3802D8&seo=CRZP-detail-kniha
Tags: Add Tag
No Tags, Be the first to tag this record!

MARC

LEADER 00000ntm a22000003a 4500
001 stuzp82360
003 SK-STU
005 20230118103344.7
007 ta
008 150427s2015----xo-----f-mn---000-0-slo-d
040 |a STU  |b slo 
041 0 |a slo 
044 |a xo 
100 1 |a Horvát, Roman  |u 037000  |4 aut  |U FEI Fakulta elektrotechniky a informatiky  |T FEI Ústav multimediálnych informačných a komunikačných technológií  |X 86879  |U E070  |Y 818  |7 86879 
242 0 1 |a Monitoring and configuration of GPON networks  |y eng 
245 1 0 |a Monitorovanie a konfigurácia sietí GPON 
260 |a Bratislava :  |b STU v Bratislave FEI,  |c 2022 
300 |a 77 s. 
650 4 |a dual-stack  |2 slo 
650 4 |a monitorovanie  |2 slo 
650 4 |a ONU  |2 slo 
650 4 |a OLT  |2 slo 
650 4 |a GPON  |2 slo 
650 4 |a GPON  |2 eng 
650 4 |a OLT  |2 eng 
650 4 |a ONU  |2 eng 
650 4 |a dual-stack  |2 eng 
650 4 |a monitoring  |2 eng 
700 1 |a Róka, Rastislav  |u 037000  |k Z1  |4 ths  |U FEI Fakulta elektrotechniky a informatiky  |T FEI Ústav multimediálnych informačných a komunikačných technológií  |X 1946  |U E070  |Y 818  |7 A000001946 
856 4 |u https://opac.crzp.sk/?fn=detailBiblioFormChildW8DL8&sid=7E432E204D1F6C329C588B3802D8&seo=CRZP-detail-kniha